| 000 | 00538nam a22001697a 4500 | ||
|---|---|---|---|
| 003 | SISC | ||
| 005 | 20161201121627.0 | ||
| 008 | 160530b xxu||||| |||| 00| 0 eng d | ||
| 020 | _a9789810697860 | ||
| 050 |
_aHD 30.4 _b.Sa87 2009 |
||
| 100 | _aSaunders, Mark. | ||
| 245 |
_aResearch methods for business students / _cMark Saunders. |
||
| 260 |
_aSingapore : _bPearson, _c2010. |
||
| 300 |
_axxx, 614 pages : _billustrations ; _c25 cm. |
||
| 500 | _aIncludes bibliographical references, glossary, appendix and index. | ||
| 942 |
_2lcc _cBK |
||
| 999 |
_c295011 _d295011 |
||